000 00665nam a2200277Ia 4500
005 20260320195759.0
008 008 262003s9999 xx 000 0 hin d
020 _a9788119159406
037 _aEBOOK
040 _aCRL
040 _bhin
040 _cCRL
041 _2hin
041 _ahin
084 _qCRL
100 _aआर चेतनक्रांति
_91133091
245 0 _aआत्मद्रोह
250 _a1st
260 _bRajkamal
260 _c2023
300 _a136
856 _uhttps://ebook.indiaread.in/pdfs/Aatmadroh_by_r._chetankranti.pdf
942 _cEBOOK
999 _c1716462
_d1716462